=LDR 00000nam 2200000 4500 =001 INLIS000000000012760 =005 20130612104241 =008 ***********************************Ind** =035 ##$$0010-061300000012760 =041 ##$$a Ind =082 ##$$a 613.94 =090 ##$$a 613.94, Tek t =245 ##$$a Teknik keluarga berencana perawatan kesuburan =260 ##$$a 1980 $b Bandung =300 ##$$a vii,179 hlm., Ilus., 21 cm =650 ##$$a KB =650 ##$$a Perawatan =850 ##$$a NBPNMAT